000 00582nam a2200241Ia 4500
003 OSt
005 20220924151213.0
006 a|||||r|||| 00| 0
007 ta
008 220923b |||||||| |||| 00| 0 tel d
020 _c30
024 _a336651
037 _cTextual
040 _aARTS
_cARTS
_btel
041 _2tel
_atel
082 _aO35,3NSAI,8, N3
100 _aC. Sailakumar
_9223791
245 0 _aYuddham
260 _c1993
650 _aTELUGU FICTION
942 _hO35,3NSAI,8, N3
_cTEXL
_2CC
999 _c465870
_d465870